[Event "IX Campeonato Panamericano Sub 20 Femenino"]
[Site "Asuncion _ Diario Abc Color, Yegros 745"]
[Date "2014.06.21"]
[Round "1"]
[Board "2"]
[White "Garcia Morales, Ivette Ale"]
[Black "Prado, Alexandra"]
[Result "1-0"]
[WhiteElo "2108"]
[BlackElo "1830"]
[PlyCount "61"]
[EventDate "2014.06.21"]
[EventRounds "9"]
[EventCountry "PAR"]

1. d4 Nf6 2. c4 g6 3. g3 Bg7 4. Bg2 d6 5. Nf3 O-O 6. O-O Nbd7 7. Nc3 c5 8. b3
Rb8 9. Bb2 cxd4 10. Nxd4 a6 11. h3 Qb6 12. e4 Ne5 13. Rb1 Bd7 14. Kh1 Nc6 15.
Nf3 Qa5 16. Ng1 Rfe8 17. Nd5 Nxd5 18. Bxg7 Kxg7 19. exd5 Nb4 20. Qe1 Bf5 21.
Qc3+ Kg8 22. Ra1 Qc5 23. g4 Bd7 24. Qd2 a5 25. Rfd1 e6 26. a3 Na6 27. a4 e5 28.
f4 Rbc8 29. f5 Qb4 30. Qh6 Nc5 31. f6  1-0

[Event "IX Campeonato Panamericano Sub 20 Femenino"]
[Site "Asuncion _ Diario Abc Color, Yegros 745"]
[Date "2014.06.21"]
[Round "1"]
[Board "3"]
[White "Perez, Dalila"]
[Black "Eswaran, Ashritha"]
[Result "0-1"]
[WhiteElo "1817"]
[BlackElo "2011"]
[PlyCount "126"]
[EventDate "2014.06.21"]
[EventRounds "9"]
[EventCountry "PAR"]

1. d4 Nf6 2. c4 e6 3. Nc3 Bb4 4. a3 Bxc3+ 5. bxc3 c5 6. Qc2 Nc6 7. Nf3 d6 8.
Bg5 h6 9. Bh4 g5 10. Bg3 g4 11. d5 Ne7 12. Bh4 Ng6 13. Bxf6 Qxf6 14. Nd2 Qe7
15. e3 h5 16. Rd1 e5 17. Bd3 Rh6 18. Rb1 Kf8 19. O-O Kg7 20. f4 Nf8 21. fxe5
Qxe5 22. Rbe1 Bd7 23. Bf5 Rf6 24. e4 Re8 25. Qc1 Re7 26. Nb1 Ng6 27. Qd2 a6 28.
Bxd7 Rxd7 29. Rxf6 Qxf6 30. Rf1 Qe5 31. Qe3 Re7 32. Nd2 f5 33. g3 fxe4 34. Re1
h4 35. Nxe4 hxg3 36. Nxg3 Qxe3+ 37. Rxe3 Rxe3 38. Nf5+ Kf6 39. Nxe3 Kg5 40. Kf2
Kf4 41. Ng2+ Ke4 42. Ke2 Ne5 43. Ne3 b6 44. a4 a5 45. Kf2 Kd3 46. Nf5 Kxc4 47.
Nxd6+ Kxd5 48. Nb5 Ke4 49. Kg3 Nf3 50. Kxg4 Nxh2+ 51. Kg5 Nf3+ 52. Kf6 Kd5 53.
Ke7 Ne5 54. Kd8 Kc6 55. Na3 Nd3 56. Nc4 b5 57. axb5+ Kxb5 58. Nd6+ Kc6 59. Nc4
a4 60. Na3 Kd5 61. Kc7 Ne5 62. Kb7 Nc4 63. Nc2 a3  0-1

[Event "IX Campeonato Panamericano Sub 20 Femenino"]
[Site "Asuncion _ Diario Abc Color, Yegros 745"]
[Date "2014.06.21"]
[Round "1"]
[Board "4"]
[White "Felix Vega, Aurora Edith"]
[Black "Monroy G., Nataly A."]
[Result "1-0"]
[WhiteElo "1990"]
[BlackElo "1812"]
[PlyCount "102"]
[EventDate "2014.06.21"]
[EventRounds "9"]
[EventCountry "PAR"]

1. e4 c5 2. Nf3 Nc6 3. d4 cxd4 4. Nxd4 g6 5. Nc3 Bg7 6. Be3 Nf6 7. Bc4 Qa5 8.
O-O O-O 9. h3 Qb4 10. Bb3 d6 11. a3 Qa5 12. Nd5 Qd8 13. Nxf6+ Bxf6 14. Qd2 Bd7
15. Rad1 a6 16. Bd5 Qc7 17. Qe2 Rac8 18. Bxc6 Bxc6 19. Qd3 Bd7 20. Qb3 Rfd8 21.
Rd2 b5 22. Qd3 Qc4 23. Qxc4 bxc4 24. b3 cxb3 25. cxb3 Rc3 26. Rb1 Rb8 27. Rdb2
Rd3 28. Nf3 Bxb2 29. Rxb2 Rdxb3 30. Rd2 Bc6 31. Rd4 Rxa3 32. Rc4 Ba8 33. Ba7
Re8 34. Kh2 Ra2 35. Kg3 a5 36. Kf4 e6 37. Rc7 h6 38. Rc4 a4 39. Kg3 a3 40. Be3
Kg7 41. Nd2 Rb2 42. Bd4+ Kf8 43. Bxb2 axb2 44. Rb4 d5 45. e5 Rc8 46. Rxb2 g5
47. Nf3 Kg7 48. h4 Kg6 49. hxg5 hxg5 50. Rb4 Rc4 51. Rxc4 dxc4  1-0

[Event "IX Campeonato Panamericano Sub 20 Femenino"]
[Site "Asuncion _ Diario Abc Color, Yegros 745"]
[Date "2014.06.21"]
[Round "1"]
[Board "6"]
[White "Vazquez Maccarini, Danitza"]
[Black "Cuello, Camila"]
[Result "1-0"]
[WhiteElo "1948"]
[BlackElo "1677"]
[PlyCount "85"]
[EventDate "2014.06.21"]
[EventRounds "9"]
[EventCountry "PAR"]

1. e4 e6 2. d4 d5 3. Nd2 Nf6 4. e5 Nfd7 5. Bd3 c5 6. c3 Nc6 7. Ne2 Qb6 8. Nf3
cxd4 9. cxd4 Be7 10. O-O f6 11. exf6 Bxf6 12. Re1 O-O 13. Bb1 Rd8 14. Qc2 Nf8
15. Be3 Bd7 16. Qd2 Qb4 17. Nc3 Na5 18. Nxd5 Qxd2 19. Nxf6+ gxf6 20. Nxd2 Kg7
21. Bd3 Be8 22. Be2 Bg6 23. Rac1 Rac8 24. Nf3 Be4 25. b4 Nc6 26. a3 Kf7 27.
Red1 Ng6 28. Kf1 a6 29. Nd2 Bd5 30. Nc4 Nce7 31. Nb6 Rxc1 32. Rxc1 Rd6 33. Nxd5
Nxd5 34. Rc8 Rd7 35. Bh5 Kg7 36. Re8 Nc7 37. Rb8 Ne7 38. Rxb7 Ned5 39. Bf3 Re7
40. Bxd5 Nxd5 41. Rxe7+ Nxe7 42. Ke2 Nd5 43. Kd3  1-0

[Event "IX Campeonato Panamericano Sub 20 Femenino"]
[Site "Asuncion _ Diario Abc Color, Yegros 745"]
[Date "2014.06.21"]
[Round "1"]
[Board "7"]
[White "Bohorquez Canizares, Maria"]
[Black "Caballero Quijano, Mitzy Mishe"]
[Result "0-1"]
[WhiteElo "1656"]
[BlackElo "1941"]
[PlyCount "80"]
[EventDate "2014.06.21"]
[EventRounds "9"]
[EventCountry "PAR"]

1. e4 e6 2. d4 d5 3. exd5 exd5 4. Nf3 Nc6 5. c3 Bd6 6. Bd3 Nge7 7. O-O O-O 8.
Qc2 h6 9. Re1 Be6 10. a4 Qd7 11. Na3 a6 12. Bd2 Bf5 13. Bxf5 Nxf5 14. b4 Rfe8
15. Qd3 Re7 16. Rxe7 Nfxe7 17. b5 Na5 18. Qc2 Bxa3 19. Rxa3 axb5 20. axb5 Qxb5
21. c4 dxc4 22. Rxa5 Rxa5 23. Bxa5 Qxa5 24. Qxc4 Qa1+ 25. Qf1 Qxf1+ 26. Kxf1
Nd5 27. Ke1 Kf8 28. Kd2 Ke7 29. Ne5 Ke6 30. g3 f6 31. Nc4 Ne7 32. Na5 b6 33.
Nb3 Kd5 34. Kd3 Nc6 35. f3 g6 36. Kc3 b5 37. Kd3 b4 38. h4 Na7 39. Nc5 Nb5 40.
Nb3 h5  0-1

[Event "IX Campeonato Panamericano Sub 20 Femenino"]
[Site "Asuncion _ Diario Abc Color, Yegros 745"]
[Date "2014.06.21"]
[Round "1"]
[Board "8"]
[White "Garcia Contreras, Ana"]
[Black "Avalos, Rosana"]
[Result "1-0"]
[WhiteElo "1921"]
[BlackElo "1514"]
[PlyCount "85"]
[EventDate "2014.06.21"]
[EventRounds "9"]
[EventCountry "PAR"]

1. e4 e5 2. Nf3 Nc6 3. d4 exd4 4. Nxd4 d6 5. Nc3 Nf6 6. Bc4 Be7 7. h3 a6 8. a4
O-O 9. O-O Nxd4 10. Qxd4 Be6 11. Be2 Nd7 12. Nd5 Bxd5 13. Qxd5 c6 14. Qc4 Ne5
15. Qb3 Qc7 16. Be3 Rfd8 17. Bb6 Qd7 18. Bxd8 Rxd8 19. a5 Kh8 20. Rad1 Qc7 21.
f4 Ng6 22. Bh5 Bf6 23. Kh1 Rb8 24. Qa3 d5 25. Bxg6 hxg6 26. exd5 cxd5 27. c3
Rd8 28. Qb4 Rd6 29. Rd2 Qd7 30. Rfd1 g5 31. fxg5 Bxg5 32. Rd3 Bf6 33. Qc5 d4
34. cxd4 Rd5 35. Qc3 Rg5 36. Rc1 Qd5 37. Rc2 Kh7 38. Re2 Qf5 39. Rf3 Qd5 40.
Qc2+ Rg6 41. Rf5 Qd7 42. Rh5+ Kg8 43. Qc7  1-0

[Event "IX Campeonato Panamericano Sub 20 Femenino"]
[Site "Asuncion _ Diario Abc Color, Yegros 745"]
[Date "2014.06.22"]
[Round "2"]
[Board "1"]
[White "Chumpitaz, Ann"]
[Black "Vazquez Maccarini, Danitza"]
[Result "1-0"]
[WhiteElo "2192"]
[BlackElo "1948"]
[PlyCount "63"]
[EventDate "2014.06.21"]
[EventRounds "9"]
[EventCountry "PAR"]

1. Nf3 e6 2. g3 Nf6 3. Bg2 d5 4. O-O c5 5. c4 Nc6 6. cxd5 exd5 7. d4 h6 8. Nc3
Bg4 9. Be3 c4 10. Ne5 Bf5 11. Qa4 Bd7 12. Nxd7 Qxd7 13. b3 Bb4 14. Rac1 cxb3
15. Qxb3 Rd8 16. Na4 O-O 17. Rxc6 bxc6 18. Qxb4 Rb8 19. Qa3 Qg4 20. Bf4 Rb5 21.
Nc3 Rb7 22. Qa6 Qd7 23. Na4 Rb5 24. Nc5 Qe7 25. Qxc6 Qxe2 26. Nd7 Nxd7 27. Qxd7
Qd3 28. Bxd5 Rb1 29. Rxb1 Qxb1+ 30. Kg2 Qc2 31. Bd6 Qc8 32. Qe7  1-0

[Event "IX Campeonato Panamericano Sub 20 Femenino"]
[Site "Asuncion _ Diario Abc Color, Yegros 745"]
[Date "2014.06.22"]
[Round "2"]
[Board "2"]
[White "Jorquera Cabello, Valentina"]
[Black "Garcia Morales, Ivette Ale"]
[Result "1/2-1/2"]
[WhiteElo "1976"]
[BlackElo "2108"]
[PlyCount "52"]
[EventDate "2014.06.21"]
[EventRounds "9"]
[EventCountry "PAR"]

1. e4 e6 2. d3 d5 3. Qe2 b6 4. exd5 Qxd5 5. Nc3 Qd7 6. Nf3 Nc6 7. Bf4 Bd6 8.
Bxd6 cxd6 9. d4 Nge7 10. O-O-O O-O 11. Qe4 Bb7 12. Bd3 Ng6 13. Qg4 f5 14. Qg3
Nb4 15. Rhe1 Rac8 16. a3 Rxc3 17. bxc3 Nxd3+ 18. Rxd3 Be4 19. Ng5 d5 20. Qh3 h6
21. Nxe4 fxe4 22. Rg3 Kh7 23. f3 Qe7 24. Rxg6 Kxg6 25. fxe4 Qxa3+ 26. Kd2 Qd6
 1/2-1/2

[Event "IX Campeonato Panamericano Sub 20 Femenino"]
[Site "Asuncion _ Diario Abc Color, Yegros 745"]
[Date "2014.06.22"]
[Round "2"]
[Board "3"]
[White "Eswaran, Ashritha"]
[Black "Garcia Contreras, Ana"]
[Result "1-0"]
[WhiteElo "2011"]
[BlackElo "1921"]
[PlyCount "61"]
[EventDate "2014.06.21"]
[EventRounds "9"]
[EventCountry "PAR"]

1. Nf3 Nf6 2. g3 g6 3. Bg2 Bg7 4. O-O O-O 5. d4 d6 6. c4 Nc6 7. Nc3 a6 8. b3
Rb8 9. Nd5 b5 10. Nxf6+ Bxf6 11. Bh6 Re8 12. Rc1 Bd7 13. cxb5 axb5 14. d5 Nb4
15. a3 Na6 16. b4 Qc8 17. Nd4 Ra8 18. Qd3 Qb7 19. Rc2 Rec8 20. Nb3 Re8 21. Rfc1
Bf5 22. e4 Bd7 23. Be3 Rac8 24. Na5 Qa8 25. Nc6 Bxc6 26. Rxc6 Qb7 27. Bh3 Ra8
28. Bf1 Rab8 29. Bd2 Qa7 30. a4 Qb7 31. axb5  1-0

[Event "IX Campeonato Panamericano Sub 20 Femenino"]
[Site "Asuncion _ Diario Abc Color, Yegros 745"]
[Date "2014.06.22"]
[Round "2"]
[Board "4"]
[White "Caballero Quijano, Mitzy Mishe"]
[Black "Felix Vega, Aurora Edith"]
[Result "1-0"]
[WhiteElo "1941"]
[BlackElo "1990"]
[PlyCount "88"]
[EventDate "2014.06.21"]
[EventRounds "9"]
[EventCountry "PAR"]

1. d4 d6 2. Nf3 g6 3. c4 Bg7 4. g3 Nf6 5. Bg2 O-O 6. O-O Nc6 7. Nc3 a6 8. h3
Rb8 9. e4 b5 10. cxb5 axb5 11. Re1 Nd7 12. Bg5 h6 13. Be3 Na5 14. b3 b4 15. Ne2
Bb7 16. Qd3 Nf6 17. Nd2 Qd7 18. Rac1 Rfc8 19. Nf4 g5 20. Ne2 Bc6 21. f4 Bb5 22.
Qb1 g4 23. h4 c5 24. dxc5 dxc5 25. Nc4 Bxc4 26. bxc4 b3 27. e5 Ne8 28. axb3
Rxb3 29. Qe4 Rd3 30. f5 Nb3 31. Rc2 Rd1 32. Kf2 Rxe1 33. Kxe1 Qc7 34. Bf4 Qa5+
35. Kf2 Rd8 36. Qb7 Nd4 37. Nxd4 cxd4 38. Qb5 Qa7 39. c5 Rb8 40. Qc4 Qa5 41. e6
Nc7 42. exf7+ Kf8 43. f6 Rb5 44. fxg7+ Kxg7  1-0

[Event "IX Campeonato Panamericano Sub 20 Femenino"]
[Site "Asuncion _ Diario Abc Color, Yegros 745"]
[Date "2014.06.22"]
[Round "2"]
[Board "5"]
[White "Prado, Alexandra"]
[Black "Zavala Galindo, Alejandra Beat"]
[Result "1-0"]
[WhiteElo "1830"]
[BlackElo "1807"]
[PlyCount "65"]
[EventDate "2014.06.21"]
[EventRounds "9"]
[EventCountry "PAR"]

1. e4 c5 2. c3 Nc6 3. d4 cxd4 4. cxd4 d5 5. exd5 Qxd5 6. Nf3 Bg4 7. Nc3 Qd8 8.
d5 Bxf3 9. Qxf3 Nb8 10. Bb5+ Nd7 11. O-O Ngf6 12. Re1 a6 13. Ba4 b5 14. Bb3 g6
15. Bg5 Bg7 16. d6 e5 17. Nd5 O-O 18. Rac1 h6 19. Ne7+ Kh7 20. Be3 a5 21. a3 a4
22. Ba2 e4 23. Qe2 Qa5 24. Rc7 b4 25. Nc6 Qf5 26. axb4 Rac8 27. Rc1 Rxc7 28.
dxc7 Ne5 29. Bc5 Rc8 30. Bd6 Nfd7 31. Na5 Bf6 32. Qa6 Nf8 33. Bxf8  1-0

[Event "IX Campeonato Panamericano Sub 20 Femenino"]
[Site "Asuncion _ Diario Abc Color, Yegros 745"]
[Date "2014.06.22"]
[Round "2"]
[Board "6"]
[White "Cuello, Camila"]
[Black "Perez, Dalila"]
[Result "1-0"]
[WhiteElo "1677"]
[BlackElo "1817"]
[PlyCount "57"]
[EventDate "2014.06.21"]
[EventRounds "9"]
[EventCountry "PAR"]

1. e4 e6 2. d4 d5 3. Nd2 Nf6 4. e5 Nfd7 5. c3 c5 6. Bd3 Qb6 7. Ngf3 Nc6 8. O-O
cxd4 9. cxd4 Nxd4 10. Nxd4 Qxd4 11. Nf3 Qb6 12. Qa4 Qb4 13. Qc2 h6 14. a3 Qc5
15. Qa4 Qb6 16. Qg4 Qc7 17. Bf4 g5 18. Rac1 Qb6 19. Be3 Bc5 20. Rxc5 Nxc5 21.
b4 Bd7 22. Bxc5 Qd8 23. Qh5 Rc8 24. Bg6 Rxc5 25. Bxf7+ Kf8 26. bxc5 Qe7 27. Bg6
Kg7 28. Bd3 Rf8 29. Qg6+  1-0

[Event "IX Campeonato Panamericano Sub 20 Femenino"]
[Site "Asuncion _ Diario Abc Color, Yegros 745"]
[Date "2014.06.22"]
[Round "2"]
[Board "7"]
[White "Monroy G., Nataly A."]
[Black "Bohorquez Canizares, Maria"]
[Result "1-0"]
[WhiteElo "1812"]
[BlackElo "1656"]
[PlyCount "109"]
[EventDate "2014.06.21"]
[EventRounds "9"]
[EventCountry "PAR"]

1. d4 d6 2. Nf3 Nf6 3. c4 Nbd7 4. Nc3 c6 5. e4 e5 6. d5 Be7 7. h3 O-O 8. Be2 a6
9. O-O c5 10. Be3 Ne8 11. Bd3 g6 12. g4 Ng7 13. Nd2 Kh8 14. Kh2 f5 15. f3 Bg5
16. Qe2 Rf7 17. a3 Qe7 18. Rae1 Rb8 19. Rg1 f4 20. Bf2 Bh4 21. Rg2 b6 22. Bxh4
Qxh4 23. Qf2 Qxf2 24. Rxf2 Nf6 25. Rb1 Bd7 26. Rff1 Rff8 27. b4 Rb7 28. bxc5
dxc5 29. Rb2 Rfb8 30. Rfb1 Nge8 31. Nb3 Bc8 32. Nc1 Nd7 33. Kg2 Nd6 34. Kf2 Kg7
35. a4 Kf7 36. Nb3 Ke7 37. Ke2 Kd8 38. Kd2 Kc7 39. h4 h6 40. Rg1 Kd8 41. h5 g5
42. Kc2 Kc7 43. Rgb1 Nf6 44. Be2 Bd7 45. a5 bxa5 46. Nxc5 Rxb2+ 47. Rxb2 Rxb2+
48. Kxb2 Bc8 49. Kb3 Nd7 50. Ne6+ Kb8 51. c5 Nf7 52. Ka4 Ka7 53. Kxa5 Nb8 54.
Nc7 Kb7 55. Nxa6  1-0

[Event "IX Campeonato Panamericano Sub 20 Femenino"]
[Site "Asuncion _ Diario Abc Color, Yegros 745"]
[Date "2014.06.22"]
[Round "3"]
[Board "1"]
[White "Eswaran, Ashritha"]
[Black "Chumpitaz, Ann"]
[Result "0-1"]
[WhiteElo "2011"]
[BlackElo "2192"]
[PlyCount "100"]
[EventDate "2014.06.21"]
[EventRounds "9"]
[EventCountry "PAR"]

1. Nf3 Nf6 2. g3 g6 3. Bg2 Bg7 4. O-O O-O 5. d4 d6 6. c4 Nc6 7. Nc3 Bf5 8. d5
Na5 9. Nd2 c5 10. e4 Bg4 11. Qc2 Qd7 12. b3 a6 13. Bb2 Bh3 14. Ne2 Bxg2 15.
Kxg2 b5 16. Nc1 e6 17. Bc3 Nb7 18. Nd3 b4 19. Bb2 exd5 20. cxd5 a5 21. Nc4 Rae8
22. f3 Nh5 23. Bxg7 Nxg7 24. Rad1 Qc7 25. e5 dxe5 26. Ndxe5 Nf5 27. Ng4 f6 28.
Rfe1 Kg7 29. Qb2 Nd4 30. Qd2 Qd8 31. Qh6+ Kh8 32. Nge3 Nd6 33. Nb2 N6b5 34. Na4
g5 35. Qh3 Nc3 36. Nxc3 bxc3 37. Rc1 c2 38. Qg4 a4 39. b4 f5 40. Qh5 cxb4 41.
Nxc2 Rxe1 42. Nxe1 Qxd5 43. Rc7 Qg8 44. Qh6 Ne6 45. Rc4 Ng7 46. Qd6 Re8 47.
Qxb4 Rxe1 48. Qxa4 Re2+ 49. Kg1 Qe6 50. Rc1 Qe3+  0-1

[Event "IX Campeonato Panamericano Sub 20 Femenino"]
[Site "Asuncion _ Diario Abc Color, Yegros 745"]
[Date "2014.06.22"]
[Round "3"]
[Board "2"]
[White "Garcia Morales, Ivette Ale"]
[Black "Caballero Quijano, Mitzy Mishe"]
[Result "1/2-1/2"]
[WhiteElo "2108"]
[BlackElo "1941"]
[PlyCount "88"]
[EventDate "2014.06.21"]
[EventRounds "9"]
[EventCountry "PAR"]

1. d4 d6 2. e4 g6 3. Nc3 Bg7 4. Be3 a6 5. Qd2 b5 6. f3 Nd7 7. Nge2 Bb7 8. g4 h5
9. gxh5 Rxh5 10. Ng3 Rh8 11. Be2 Bh6 12. h4 Bxe3 13. Qxe3 Ngf6 14. h5 Nf8 15.
e5 Nd5 16. Nxd5 Bxd5 17. O-O-O Qd7 18. exd6 Qxd6 19. hxg6 Nxg6 20. Rxh8+ Nxh8
21. f4 Qe6 22. Qe5 O-O-O 23. Nf5 Ng6 24. Qxe6+ Bxe6 25. Bd3 Nxf4 26. Ne3 Nxd3+
27. Rxd3 c6 28. a3 Kc7 29. Rd1 Rg8 30. Rf1 f6 31. Kd2 Kd6 32. b4 Rg3 33. Rh1
Rg5 34. Rf1 f5 35. Ke2 Bc4+ 36. Nxc4+ bxc4 37. Kf3 Rg4 38. c3 e5 39. dxe5+ Kxe5
40. Rh1 Rf4+ 41. Kg3 Rg4+ 42. Kf3 Rf4+ 43. Ke3 Re4+ 44. Kf3 Rf4+  1/2-1/2

[Event "IX Campeonato Panamericano Sub 20 Femenino"]
[Site "Asuncion _ Diario Abc Color, Yegros 745"]
[Date "2014.06.22"]
[Round "3"]
[Board "3"]
[White "Felix Vega, Aurora Edith"]
[Black "Jorquera Cabello, Valentina"]
[Result "1-0"]
[WhiteElo "1990"]
[BlackElo "1976"]
[PlyCount "91"]
[EventDate "2014.06.21"]
[EventRounds "9"]
[EventCountry "PAR"]

1. d4 Nf6 2. Nf3 g6 3. c4 Bg7 4. Nc3 d6 5. e4 O-O 6. Be2 e5 7. O-O Nc6 8. d5
Ne7 9. b4 Nd7 10. Re1 f5 11. Ng5 Nf6 12. Bf3 f4 13. Ba3 h6 14. Ne6 Bxe6 15.
dxe6 a5 16. bxa5 Rxa5 17. Bb4 Ra6 18. c5 Re8 19. Be2 d5 20. exd5 Nfxd5 21. Nxd5
Nxd5 22. Bc4 c6 23. Qb3 Kh7 24. Rad1 Qc8 25. Bxa6 bxa6 26. Rxd5 cxd5 27. Qxd5
Rxe6 28. Qd3 Rc6 29. Rd1 a5 30. Ba3 Bf8 31. Qd5 Qc7 32. Rc1 h5 33. h3 Kh6 34.
Qg8 Be7 35. Qh8+ Kg5 36. Re1 Bf6 37. Qe8 Qc8 38. Qf7 Qe6 39. h4+ Kf5 40. Qb7 e4
41. Qb1 Bd4 42. Qc2 Qe5 43. Qa4 Rc7 44. Rd1 Bxc5 45. Qb3 Kf6 46. Bb2  1-0

[Event "IX Campeonato Panamericano Sub 20 Femenino"]
[Site "Asuncion _ Diario Abc Color, Yegros 745"]
[Date "2014.06.22"]
[Round "3"]
[Board "4"]
[White "Vazquez Maccarini, Danitza"]
[Black "Monroy G., Nataly A."]
[Result "1-0"]
[WhiteElo "1948"]
[BlackElo "1812"]
[PlyCount "51"]
[EventDate "2014.06.21"]
[EventRounds "9"]
[EventCountry "PAR"]

1. e4 c5 2. Nf3 Nc6 3. Bb5 d6 4. Bxc6+ bxc6 5. d3 e5 6. O-O f5 7. exf5 Bxf5 8.
Re1 Be7 9. Nbd2 Nf6 10. Nf1 O-O 11. Ng3 Bg4 12. h3 Bd7 13. c3 Re8 14. Qb3+ Nd5
15. Ne4 Qb6 16. Qc2 Bf5 17. Bg5 Bxg5 18. Nxd6 Bxd3 19. Qxd3 e4 20. Rxe4 Rxe4
21. Qxe4 h6 22. Qe6+ Kh7 23. Qf5+ Kg8 24. Qf7+ Kh7 25. Nxg5+ hxg5 26. Ne8  1-0

[Event "IX Campeonato Panamericano Sub 20 Femenino"]
[Site "Asuncion _ Diario Abc Color, Yegros 745"]
[Date "2014.06.22"]
[Round "3"]
[Board "5"]
[White "Garcia Contreras, Ana"]
[Black "Cuello, Camila"]
[Result "1-0"]
[WhiteElo "1921"]
[BlackElo "1677"]
[PlyCount "47"]
[EventDate "2014.06.21"]
[EventRounds "9"]
[EventCountry "PAR"]

1. e4 e5 2. Nf3 Nc6 3. d4 exd4 4. Nxd4 Bc5 5. Be3 Qf6 6. c3 Nge7 7. Bc4 Ne5 8.
Be2 Qg6 9. O-O d6 10. f4 Qxe4 11. Bf2 Qxf4 12. Nb5 Ng4 13. Bxg4 Bxg4 14. Nxc7+
Kd7 15. Qe1 Qc4 16. Nxa8 Be2 17. Nd2 Qe6 18. Bxc5 Bxf1 19. Qxf1 dxc5 20. Nc4
Qg4 21. Qd3+ Kc8 22. Nd6+ Kb8 23. Nxf7 Qh4 24. g3  1-0

[Event "IX Campeonato Panamericano Sub 20 Femenino"]
[Site "Asuncion _ Diario Abc Color, Yegros 745"]
[Date "2014.06.22"]
[Round "3"]
[Board "6"]
[White "Avalos, Rosana"]
[Black "Prado, Alexandra"]
[Result "0-1"]
[WhiteElo "1514"]
[BlackElo "1830"]
[PlyCount "86"]
[EventDate "2014.06.21"]
[EventRounds "9"]
[EventCountry "PAR"]

1. e4 d6 2. d4 g6 3. Nf3 Bg7 4. Nc3 Nf6 5. Bf4 O-O 6. Qd2 Re8 7. Bc4 c6 8. O-O
d5 9. exd5 cxd5 10. Bb5 Nc6 11. Ne5 Qb6 12. a4 a5 13. Bg5 Rd8 14. Rad1 Bf5 15.
Rfe1 Rac8 16. Bh6 Bxh6 17. Qxh6 Bxc2 18. Rd2 Bf5 19. h3 Rd6 20. Nxc6 bxc6 21.
Bf1 Re8 22. Qf4 Kg7 23. g4 Be6 24. Bg2 Qb7 25. Rb1 Bc8 26. b3 Nd7 27. Re2 Rf6
28. Qg3 Qb4 29. g5 Rf5 30. Rd2 e5 31. dxe5 Rfxe5 32. Rbb2 Qe7 33. h4 Re1+ 34.
Kh2 Ne5 35. Bh3 Bxh3 36. Qxh3 Qb4 37. Re2 Qf4+ 38. Kg2 Rc1 39. Rbc2 Rxc2 40.
Rxc2 d4 41. Ne2 Qe4+ 42. Kg3 Qxc2 43. Nxd4 Qc3+  0-1

[Event "IX Campeonato Panamericano Sub 20 Femenino"]
[Site "Asuncion _ Diario Abc Color, Yegros 745"]
[Date "2014.06.22"]
[Round "3"]
[Board "7"]
[White "Perez, Dalila"]
[Black "Zavala Galindo, Alejandra Beat"]
[Result "1/2-1/2"]
[WhiteElo "1817"]
[BlackElo "1807"]
[PlyCount "61"]
[EventDate "2014.06.21"]
[EventRounds "9"]
[EventCountry "PAR"]

1. d4 Nf6 2. Nf3 c5 3. e3 g6 4. c4 Bg7 5. Nc3 cxd4 6. exd4 O-O 7. Be2 d5 8. O-O
Nc6 9. h3 h6 10. a3 Be6 11. cxd5 Nxd5 12. Nxd5 Bxd5 13. Be3 a6 14. Qd2 Kh7 15.
Bd1 Bxf3 16. Bxf3 Nxd4 17. Bxd4 Bxd4 18. Rad1 e5 19. Bxb7 Rb8 20. Bxa6 Rxb2 21.
Qxb2 Bxb2 22. Rxd8 Rxd8 23. a4 Ra8 24. Bb5 Bd4 25. Rc1 Kg7 26. Kf1 Ra7 27. Rc6
Rb7 28. Rd6 Ra7 29. Rc6 Rb7 30. Rd6 Ra7 31. Ra6  1/2-1/2

[Event "IX Campeonato Panamericano Sub 20 Femenino"]
[Site "Asuncion _ Diario Abc Color, Yegros 745"]
[Date "2014.06.23"]
[Round "4"]
[Board "1"]
[White "Caballero Quijano, Mitzy Mishe"]
[Black "Chumpitaz, Ann"]
[Result "1/2-1/2"]
[WhiteElo "1941"]
[BlackElo "2192"]
[PlyCount "137"]
[EventDate "2014.06.21"]
[EventRounds "9"]
[EventCountry "PAR"]

1. d4 Nf6 2. Nf3 e6 3. e3 b6 4. Bd3 Bb7 5. O-O Be7 6. c4 Ne4 7. Nc3 Nxc3 8.
bxc3 f5 9. Qe2 O-O 10. e4 fxe4 11. Bxe4 Bxe4 12. Qxe4 Nc6 13. Re1 Bf6 14. Ba3
Rf7 15. Rad1 Na5 16. d5 exd5 17. Rxd5 d6 18. Rd3 Qc8 19. Bb4 Qb7 20. Bxa5 Qxe4
21. Rxe4 bxa5 22. c5 dxc5 23. Ra4 Rb8 24. g3 Rb5 25. Kg2 h6 26. a3 Kh7 27. Nd2
c6 28. Ne4 Be5 29. Rc4 Bc7 30. Nxc5 Bb6 31. Ne4 Rb2 32. Rf3 Re7 33. h4 Re2 34.
Nd6 R7e6 35. Nf5 Ra2 36. a4 Rf6 37. Nd4 Bxd4 38. cxd4 Re6 39. Rf5 Kg6 40. g4
Rd2 41. h5+ Kh7 42. Rxa5 Re4 43. Kg3 Ree2 44. Rf5 Rc2 45. Rxc2 Rxc2 46. Rc5 Ra2
47. Rc4 a5 48. f3 Kg8 49. Kf4 Ra3 50. Ke4 Kf7 51. f4 Ke7 52. Rxc6 Rxa4 53. Ke5
Ra1 54. Rc7+ Kf8 55. Ra7 a4 56. Kf5 a3 57. Kg6 Rf1 58. Kf5 Rd1 59. Ke5 Ra1 60.
d5 a2 61. Kf5 Rd1 62. Rxa2 Rxd5+ 63. Ke6 Rd8 64. Ra7 Rb8 65. Rf7+ Kg8 66. Rd7
Rf8 67. f5 Rf6+ 68. Ke5 Ra6 69. Ke4  1/2-1/2

[Event "IX Campeonato Panamericano Sub 20 Femenino"]
[Site "Asuncion _ Diario Abc Color, Yegros 745"]
[Date "2014.06.23"]
[Round "4"]
[Board "2"]
[White "Vazquez Maccarini, Danitza"]
[Black "Garcia Morales, Ivette Ale"]
[Result "0-1"]
[WhiteElo "1948"]
[BlackElo "2108"]
[PlyCount "40"]
[EventDate "2014.06.21"]
[EventRounds "9"]
[EventCountry "PAR"]

1. e4 e6 2. d4 d5 3. Nd2 Nf6 4. e5 Nfd7 5. Bd3 c5 6. c3 Nc6 7. Ne2 cxd4 8. cxd4
f6 9. exf6 Nxf6 10. O-O Bd6 11. Nf3 O-O 12. Bf4 Bxf4 13. Nxf4 Ng4 14. Ne2 e5
15. dxe5 Rxf3 16. gxf3 Ncxe5 17. fxg4 Nf3+ 18. Kh1 Qh4 19. Bxh7+ Kh8 20. Kg2
Bxg4  0-1

[Event "IX Campeonato Panamericano Sub 20 Femenino"]
[Site "Asuncion _ Diario Abc Color, Yegros 745"]
[Date "2014.06.23"]
[Round "4"]
[Board "3"]
[White "Prado, Alexandra"]
[Black "Eswaran, Ashritha"]
[Result "0-1"]
[WhiteElo "1830"]
[BlackElo "2011"]
[PlyCount "74"]
[EventDate "2014.06.21"]
[EventRounds "9"]
[EventCountry "PAR"]

1. e4 c5 2. c3 d5 3. exd5 Qxd5 4. d4 Nc6 5. dxc5 Qxd1+ 6. Kxd1 e5 7. Be3 Nf6 8.
Nf3 Nd5 9. b4 f6 10. Bc4 Be6 11. Bxd5 Bxd5 12. Nbd2 a5 13. b5 Ne7 14. c4 Be6
15. Ne4 Nf5 16. Rc1 Nxe3+ 17. fxe3 Rc8 18. Nfd2 Bxc5 19. Nxc5 Rxc5 20. Ne4 Rc7
21. b6 Rd7+ 22. Ke1 Bf5 23. Nc3 Kf7 24. Nb5 Be4 25. c5 Bxg2 26. Rg1 Bd5 27.
Nd6+ Ke6 28. a3 Rf8 29. Ke2 g6 30. Rg4 Bc6 31. Kf2 f5 32. Rg5 Kf6 33. Rcg1 Rfd8
34. h4 Rxd6 35. cxd6 Rxd6 36. Rc1 Rd2+ 37. Ke1 Rd3  0-1